Vůdcovství v novém světle
Tri dimenzie vodcovstva: 1. Angažovať sa spolu s ostatnými 2. Vizionárske vodcovstvo 3. Vodcovské schopnosti a spôsobilosti. Charakteristiky angažovaného vodcovstva. Vplyv na motiváciu tímu. Kritika kompetenčných modelov.
Salvato in:
| Autore principale: | |
|---|---|
| Altri autori: | |
| Natura: | Capitolo di libro |
| Lingua: | ceco |
| Soggetti: | |
| Tags: |
Nessun Tag, puoi essere il primo ad aggiungerne!!
|
MARC
| LEADER | 00000naa$a2200000$$$4500 | ||
|---|---|---|---|
| 001 | 0079261 | ||
| 005 | 20231213141250.6 | ||
| 041 | 0 | |a cze | |
| 044 | |a CZ | ||
| 245 | 1 | 0 | |a Vůdcovství v novém světle |c B. A. Metcalfe, M. Bradley |
| 520 | |a Tri dimenzie vodcovstva: 1. Angažovať sa spolu s ostatnými 2. Vizionárske vodcovstvo 3. Vodcovské schopnosti a spôsobilosti. Charakteristiky angažovaného vodcovstva. Vplyv na motiváciu tímu. Kritika kompetenčných modelov. | ||
| 610 | 2 | 0 | |a manažment |
| 610 | 2 | 0 | |a vodcovstvo |
| 610 | 2 | 0 | |a manažéri |
| 610 | 2 | 0 | |a riadenie |
| 610 | 2 | 0 | |a vedenie ľudí |
| 610 | 2 | 0 | |a vedenie podniku |
| 610 | 2 | 0 | |a tímy pracovné |
| 100 | 1 | |a Metcalfe, B. A. | |
| 700 | 1 | |a Bradley, M. | |